| 000 | 00946nam a22002537a 4500 | ||
|---|---|---|---|
| 999 |
_c458 _d458 |
||
| 003 | AR-CdUCM | ||
| 008 | 190223b ||||| |||| 00| 0 spa d | ||
| 020 | _a84-231-0591-1 | ||
| 040 |
_aMUNICIPALIDAD PROVINCIAL DEL CUSCO _cBIBLIOTECA MUNICIPAL DEL CUSCO |
||
| 082 |
_a909 / _bG861 |
||
| 100 |
_aGrimberg, Carl _91720 |
||
| 245 | _aEl Siglo del Liberalismo | ||
| 260 |
_aEspaña : _bEdiciones Daimon ; _c1967. |
||
| 300 |
_a432 páginas _bilustraciones, mapas _c17cm |
||
| 440 |
_aHistoria Universal Daimon _91758 |
||
| 505 | _aAbsolutismo y liberalismo -- La Inglaterra victoriana -- La unidad italiana -- La guerra franco-prusiana -- La guerra de Secesión americana | ||
| 650 |
_aabsolutismo _91811 |
||
| 650 |
_alberalismo _91812 |
||
| 650 |
_aLuis Napoleón Bonaparte _91813 |
||
| 650 |
_aPrusia y la confederación germánica _91814 |
||
| 650 |
_ala guerra de Secesión _91815 |
||
| 942 |
_2ddc _cLIBROS |
||
| 945 |
_anom _d2019-02-23 |
||